| 000 | 00670nam a2200217Ia 4500 | ||
|---|---|---|---|
| 003 | GCL | ||
| 008 | 140319s9999 xx 000 0 ara d | ||
| 040 |
_aGCL / _cGCL |
||
| 082 | 0 | 4 |
_aط _b813.087 _bم ب |
| 100 | 1 | _aمصطفى عبدالمجيد | |
| 245 | 1 | 0 |
_aرحلات ثقافية متنوعة للصغار والكبار / _cمصطفى عبدالمجيد |
| 700 | 1 | _aمحمد كمال جعفر | |
| 700 | 1 | _aالقاضى | |
| 260 |
_a[S.N] : _bمركز الكتاب للنشر |
||
| 300 | _a32 ص | ||
| 490 |
_aالبساط العصرى _v0 |
||
| 650 | 0 | 4 | _aالاطفال |
| 650 | 0 | 4 | _aقصص الاطفال |
| 650 | 0 | 4 | _aالتسالى |
| 942 |
_2ddc _cBK |
||
| 999 |
_c56589 _d56589 |
||